[Event "Oebro CXU International 2024"]
[Site "Copenhagen"]
[Date "2024.07.25"]
[Round "6.11"]
[White "Bazilius, Augustinas"]
[Black "Thogersen, Rasmus"]
[Result "1-0"]
[WhiteElo "2096"]
[BlackElo "2309"]
[WhiteFideId "12832251"]
[EventDate "2024.07.22"]
[EventType "swiss"]
[EventRounds "9"]
[EventCountry "DEN"]
[SourceTitle "Live v. Obro Skakforening"]

1. d4   Nf6  2. c4   g6  3. Nc3   d5  4. cxd5   Nxd5  5. Bd2   Bg7  6. e4   Nxc3  7. Bxc3   O-O  8. Qd2   c5  9. d5   e6  10. Bc4  10... exd5  11. Bxd5   Nd7  12. Ne2   Nf6  13. O-O-O   Nxd5  14. Qxd5   Be6  15. Qxd8   Rfxd8  16. Bxg7   Kxg7  17. Nc3   Rd4  18. Rd2   g5  19. Rhd1   Rc4  20. Kc2  20... a5  21. Rd8   Rxd8  22. Rxd8   Kf6  23. a3   Ke5  24. Rb8   f5  25. f3   fxe4  26. fxe4   Rd4  27. Rxb7   a4  28. Rxh7   Kf4  29. Ne2+   Ke3  30. Nxd4  30... cxd4  31. Rh8   d3+  32. Kc3  1-0

[Event "Oebro CXU International 2024"]
[Site "Copenhagen"]
[Date "2024.07.25"]
[Round "6.12"]
[White "Jain, Sachi"]
[Black "Egresi, Mate"]
[Result "1/2-1/2"]
[WhiteElo "2140"]
[BlackElo "2377"]
[WhiteFideId "25974050"]
[BlackFideId "738506"]
[EventDate "2024.07.22"]
[EventType "swiss"]
[EventRounds "9"]
[EventCountry "DEN"]
[SourceTitle "Live v. Obro Skakforening"]

1. e4   d6  2. d4   Nf6  3. Nc3   Nbd7  4. h3   e5  5. Nge2   h5  6. Be3   c6  7. a4   Be7  8. Ng3   exd4  9. Bxd4   Nc5  10. Bxc5  10... dxc5  11. Qf3   Qc7  12. Bc4   g6  13. Qe3   h4  14. Nge2   Nh5  15. O-O   Bd7  16. e5   Ng7  17. Nf4   Rf8  18. Rad1   O-O-O  19. e6   Nxe6  20. Bxe6  20... Bxe6  21. Nxe6   fxe6  22. Qxe6+   Kb8  23. Qxg6   Rxd1  24. Nxd1   Qe5  25. Ne3   Qxb2  26. Qh7   Qf6  27. Ng4   Qf7  28. Qe4   Bd6  29. Rb1   Qd5  30. Qe2  30... Rd8  31. Qa6   b6  32. Rxb6+   axb6  33. Qxb6+   Kc8  34. Qa6+   Kc7  35. Qa7+   Kc8  36. Qa6+   Kc7  1/2-1/2

[Event "Oebro CXU International 2024"]
[Site "Copenhagen"]
[Date "2024.07.25"]
[Round "6.13"]
[White "Buchal, Stephan"]
[Black "Falkesgaard, Jeppe Hald"]
[Result "1-0"]
[WhiteElo "2211"]
[BlackElo "2321"]
[WhiteFideId "4603915"]
[BlackFideId "1464981"]
[EventDate "2024.07.22"]
[EventType "swiss"]
[EventRounds "9"]
[EventCountry "DEN"]
[SourceTitle "Live v. Obro Skakforening"]

1. c4   c5  2. g3   Nc6  3. Bg2   g6  4. Nc3   Bg7  5. Nf3   e6  6. d4   cxd4  7. Nb5   d5  8. cxd5   exd5  9. O-O   a6  10. Nbxd4  10... Nge7  11. Be3   O-O  12. Qd2   Bf5  13. Nxc6   bxc6  14. Rac1   Bd7  15. Bd4   Bxd4  16. Nxd4   Qb6  17. Nb3   Bf5  18. Nc5   Rad8  19. b3   Rfe8  20. Qd4  20... Nc8  21. e3   a5  22. Rfd1   Nd6  23. Ne6   Qxd4  24. Nxd4   Bg4  25. Rd2   Ne4  26. Bxe4   dxe4  27. Rxc6   Bh3  28. Rc5   Rd7  29. f3   exf3  30. Kf2  30... Rde7  31. Rxa5   Rxe3  32. Ra8   Rxa8  33. Kxe3   Bg4  34. Nxf3   Re8+  35. Kf2   h5  36. b4   Rb8  37. Rb2   Bd7  38. Nd4   Kg7  39. b5   Kf6  40. Ke3  40... Ke5  41. Kd3   Kd5  42. a4   Ra8  43. Ra2   Rb8  44. Ra1   h4  45. Rb1   hxg3  46. hxg3   Kc5  47. Kc3   Re8  48. Nb3+   Kb6  49. Rd1   Re3+  50. Kb4  50... Be8  51. a5+   Kc7  52. b6+   Kb7  53. Nc5+   Kc6  54. b7   Kc7  55. Rd8  1-0

[Event "Oebro CXU International 2024"]
[Site "Copenhagen"]
[Date "2024.07.25"]
[Round "6.14"]
[White "Hansen, Soren Bech"]
[Black "Jaksland, Tim"]
[Result "1-0"]
[WhiteElo "2252"]
[BlackElo "2074"]
[BlackFideId "1401084"]
[EventDate "2024.07.22"]
[EventType "swiss"]
[EventRounds "9"]
[EventCountry "DEN"]
[SourceTitle "Live v. Obro Skakforening"]

1. e4   e5  2. Nf3   Nc6  3. Bc4   Nf6  4. d3   Bc5  5. O-O   d6  6. a4   h6  7. c3   a5  8. Na3   O-O  9. Nc2   Ba7  10. Re1  10... Ne7  11. h3   Ng6  12. Ba2   Bd7  13. d4   Bc6  14. Qd3   Nh5  15. g3   Bxa4 16. Ne3 Bc6  17. Kh2   Nf6  18. d5   Bd7  19. Bb1   Bc5  20. Kg2  20... Qc8  21. Rh1 b5  22. Bd2   a4  23. Qe2 Rb8 24. Bd3   Re8  25. Ne1   Qb7  26. Ng4   Nh7  27. Qf3   Ng5  28. Qe2   Qc8  29. Nc2   Nxh3  30. Kxh3  30... h5  31. Kg2   hxg4  32. Rh5   f6  33. Be3   Kf7  34. Bxc5   dxc5  35. Ne3   Nf4+  36. gxf4   exf4  37. Qd2   fxe3  38. Qxe3   c4  39. Bc2   Qb7  40. Rah1  40... Qb6  41. Qd2   Qd6  42. Rh7   Rg8  43. Qh6   Kf8  44. Qg6   Qf4  45. Rxg7   Qf3+  46. Kg1   Qxh1+  47. Kxh1   Rxg7  48. Qxf6+   Kg8  49. Qd4   Rf8  50. e5  50... g3  51. fxg3   Rxg3  52. e6   Be8  53. Bh7+  1-0

[Event "Oebro CXU International 2024"]
[Site "Copenhagen"]
[Date "2024.07.25"]
[Round "6.15"]
[White "Ganta, Joel Paul"]
[Black "Thorsen, Adrian Stenstrop"]
[Result "0-1"]
[WhiteElo "2056"]
[BlackElo "2226"]
[WhiteFideId "35066145"]
[BlackFideId "1473760"]
[EventDate "2024.07.22"]
[EventType "swiss"]
[EventRounds "9"]
[EventCountry "DEN"]
[SourceTitle "Live v. Obro Skakforening"]

1. e4   e5  2. Nf3   Nc6  3. Bc4   Bc5  4. c3   Nf6  5. d3   O-O  6. O-O   d5  7. exd5   Nxd5  8. Re1   Bg4  9. h3   Bh5  10. Nbd2  10... Nb6  11. b4   Nxc4  12. Nxc4   Bb6  13. b5   Na5  14. Ncxe5   f6  15. Ng4   Qd7  16. c4   Rad8  17. Ba3   Rfe8  18. Rxe8+   Bxe8  19. c5   Qxb5  20. d4  20... Nc4  21. cxb6   Nxa3  22. bxc7   Rc8  23. Rc1   Qb6  24. Ne3   Bf7  25. d5   Rxc7  26. Rxc7   Qxc7  27. Qa4   Qc5  28. Qd7   Nb5  29. Nf5   Qc1+  30. Kh2  30... Qc7+  31. Qxc7   Nxc7  32. d6   Ne6  33. d7   Nd8  34. N3d4   Bxa2  35. Nd6   Kf8  36. Kg3   g6  37. Kf4   a6  38. g4   Ke7  39. Ne4   Be6  40. Nxe6  40... Nxe6+  41. Ke3   f5  42. gxf5   gxf5  43. Nc3   Kxd7  44. Nd5   Kd6  45. Nf6   Ke5  46. Nd7+   Kd6  47. Nf6   a5  48. h4   a4  49. Kd3   b5  50. Kc3  50... Ke5  51. Nxh7   f4  52. f3   Kf5  53. h5   Ng5  54. Nf8   Nxf3  55. Ng6   Ng5  56. Ne7+   Ke4  57. Nc6   Ke3  58. Nb4   f3  59. Nc2+   Ke2  60. Nd4+  60... Kd1  61. h6   f2  62. Nc2   f1=Q  63. Kd4 0-1

[Event "Oebro CXU International 2024"]
[Site "Copenhagen"]
[Date "2024.07.25"]
[Round "6.16"]
[White "Jarlskov, Daniel Tuk Hartso"]
[Black "Simonsen, Carsten"]
[Result "1/2-1/2"]
[WhiteElo "2030"]
[BlackElo "2212"]
[BlackFideId "1439898"]
[EventDate "2024.07.22"]
[EventType "swiss"]
[EventRounds "9"]
[EventCountry "DEN"]
[SourceTitle "Live v. Obro Skakforening"]

1. d4   Nf6  2. c4   g6  3. h4   c5  4. d5   d6  5. Nc3   Bg7  6. e4   e6  7. Be2   exd5  8. exd5   h5  9. Bf4   O-O  10. Nb5  10... Ne4  11. f3   a6  12. fxe4   axb5  13. g4   Qf6  14. Qd2   Bxg4  15. Bxg4   hxg4  16. e5   Qf5  17. Ne2   dxe5  18. Bh6   Nd7  19. h5   Qe4  20. Rh4  20... Bf6  21. Bg5   Qf5  22. Bxf6   Nxf6  23. a3   Ne4  24. Qe3   Qg5  25. Qxg5   Nxg5  26. Rxg4   Nf3+  27. Kf2   Nd4  28. Nc3   bxc4  29. Ne4   Kg7  30. Nxc5  30... Rfd8  31. hxg6   f5  32. Rxd4   exd4  33. Ne6+   Kxg6  34. Nxd8 Rxd8  35. Rc1   b5  36. a4   Rxd5  37. axb5   Rxb5  38. Rxc4   Rxb2+  39. Kf3   d3  40. Kf4  40... d2  41. Rc6+   Kf7  42. Rd6   Ke7  43. Rd3   Ke6  44. Rd8   Rb4+  45. Kf3   Ke5  46. Rxd2   Rb3+  47. Kf2   Kf4  48. Rd4+   Kg5  49. Ra4   f4  50. Ra8  50... Rb2+  1/2-1/2

[Event "Oebro CXU International 2024"]
[Site "Copenhagen"]
[Date "2024.07.25"]
[Round "6.17"]
[White "Meskenas, Paulius"]
[Black "Loftgaard, Mikkel Vinh"]
[Result "0-1"]
[WhiteElo "2168"]
[BlackElo "2246"]
[WhiteFideId "12809969"]
[EventDate "2024.07.22"]
[EventType "swiss"]
[EventRounds "9"]
[EventCountry "DEN"]
[SourceTitle "Live v. Obro Skakforening"]

1. e4   c5  2. Nf3   e6  3. b3   Nc6  4. Bb2   d5  5. exd5   exd5  6. d4   Nf6  7. Be2   cxd4  8. Nxd4   Bb4+  9. c3   Bd6  10. O-O  10... O-O  11. Nxc6   bxc6  12. c4   Re8  13. cxd5   Nxd5  14. Bf3   Qg5  15. Nc3   Qe5  16. g3   Nxc3  17. Bxc3   Qxc3  18. Rc1   Qe5  19. Bxc6   Bh3  20. Bxe8  20... Rxe8  21. Re1   Qxe1+  22. Qxe1   Rxe1+  23. Rxe1   Kf8  24. Re4   Be6  25. f4   g6  26. Kf2   Bc5+  27. Kf1   Ke7  28. f5   gxf5  29. Rh4   f4  30. Rxf4  30... Kd6  31. Ke2   a5  32. Rh4   Bf5  33. Ra4   Bb6  34. Rf4   Ke5  35. b4   a4  36. b5   a3  37. Ra4   Bc5  38. b6   Be4  39. Rc4   Bd6  40. Ke3  40... Bd5  41. Rc2   Bb4  42. Rc7   Kd6  43. Kd3   Bc5  44. Ra7   Kc6  45. Ra6   Kb7  46. Ra4   Kxb6  47. Rh4   Bxa2  48. Kc3   Be6  0-1

[Event "Oebro CXU International 2024"]
[Site "Copenhagen"]
[Date "2024.07.25"]
[Round "6.18"]
[White "Koduri, Advaitt Srikant"]
[Black "Schmidt, Kristen"]
[Result "1-0"]
[WhiteElo "2114"]
[BlackElo "2216"]
[WhiteFideId "25185454"]
[BlackFideId "1400436"]
[EventDate "2024.07.22"]
[EventType "swiss"]
[EventRounds "9"]
[EventCountry "DEN"]
[SourceTitle "Live v. Obro Skakforening"]

1. d4   Nf6  2. Nf3   d6  3. Bf4   Nh5  4. Bd2   g6  5. e4   Bg7  6. c3   O-O  7. Bc4   e5  8. dxe5   dxe5  9. O-O   h6  10. Be3  10... Qf6  11. Nbd2   Nc6  12. b4   Nf4  13. Bxf4   Qxf4  14. Qe2   Bd7  15. Rfd1   Rad8  16. h3   Kh7  17. Bd5   b6  18. Bxc6   Bxc6  19. Qc4   Ba4  20. Nb3  20... Rxd1+  21. Rxd1   f5  22. Re1   fxe4  23. Rxe4   Qf5  24. Nbd2   Bc2  25. Re3   Qd7  26. Ne4   Rd8  27. Neg5+   hxg5  28. Nxg5+   Kh8  29. Nf7+   Kh7  30. Qh4+  30... Kg8  31. Qxd8+   Qxd8  32. Nxd8   e4  33. Ne6   Be5  34. f4   Bd6  35. g3  1-0

[Event "Oebro CXU International 2024"]
[Site "Copenhagen"]
[Date "2024.07.25"]
[Round "6.19"]
[White "Veiergang, Oscar Jacob"]
[Black "Nord, Alexander"]
[Result "1/2-1/2"]
[WhiteElo "2070"]
[BlackElo "2212"]
[BlackFideId "1738135"]
[EventDate "2024.07.22"]
[EventType "swiss"]
[EventRounds "9"]
[EventCountry "DEN"]
[SourceTitle "Live v. Obro Skakforening"]

1. e4   c5  2. Nf3   d6  3. d4   cxd4  4. Nxd4   Nf6  5. Nc3   a6  6. Bg5   e6  7. f4   Nbd7  8. Qf3   Qc7  9. O-O-O   b5  10. g4  10... Bb7  11. a3   Rc8  12. Bxf6   Nxf6  13. g5   Nd7  14. Bh3   Nc5  15. Kb1   g6  16. Rhe1   Bg7  17. Qf2   h6  18. f5   hxg5  19. Bg4   O-O  20. fxg6  20... fxg6  21. Qe3   Qe7  22. b4   e5  23. Nf3   Nd7  24. Nxg5   Bh6  25. h4   Rf4  26. Rg1   Rc7  27. Bxd7   Qxd7  28. Qg3   Qe7  29. Qh3   Qf6  30. Nd5  30... Bxd5  31. Rxd5   Rf2  32. Qb3   Rc4  33. Rgd1   Bf8  34. R5d2   Rxd2  35. Rxd2   Qf4  36. Qd3   Rd4  37. Qb3+   Rc4  1/2-1/2

[Event "Oebro CXU International 2024"]
[Site "Copenhagen"]
[Date "2024.07.25"]
[Round "6.20"]
[White "Dalsberg, Sandra de Blecourt"]
[Black "Christensen, Stefan"]
[Result "0-1"]
[WhiteElo "2035"]
[BlackElo "2210"]
[BlackFideId "1404148"]
[EventDate "2024.07.22"]
[EventType "swiss"]
[EventRounds "9"]
[EventCountry "DEN"]
[SourceTitle "Live v. Obro Skakforening"]

1. d4   Nf6  2. c4   e6  3. Nc3   Bb4  4. e3   b6  5. f3   Nh5  6. Nh3   f5  7. Bd3   O-O  8. O-O   Bxc3  9. bxc3   Qe8  10. Qc2  10... Bb7  11. Bd2   Nf6  12. e4   fxe4  13. fxe4   e5  14. Rf5   d6  15. Raf1   Nbd7  16. Bg5   h6  17. Bh4   Qg6  18. c5   Qg4  19. Bxf6   Rxf6  20. Bc4+  20... Kh8  21. c6   Bxc6  22. d5   Bb7  23. Be2   Qg6  24. Bh5   Qh7  25. Bf7   Rf8  26. Be6   Nc5  27. Rxf6   Rxf6  28. Rxf6   gxf6  29. Bf5   Qf7  30. g4  30... Qe8  31. Qf2   Qa4  32. Qh4   Qd1+  33. Kg2   Qd2+  34. Nf2   Qg5  35. Qg3   Ba6  36. h4   Qc1  37. Kh2   Na4  38. g5   fxg5  39. hxg5   Qxg5  40. Qxg5  40... hxg5  41. Nh3   Nxc3  42. Nxg5   Nxa2  43. Ne6   b5  44. Nxc7   b4  0-1

[Event "Oebro CXU International 2024"]
[Site "Copenhagen"]
[Date "2024.07.26"]
[Round "7.1"]
[White "Solodovnichenko, Yuri"]
[Black "Kistrup, Nicolai"]
[Result "1/2-1/2"]
[WhiteElo "2481"]
[BlackElo "2367"]
[WhiteFideId "14104369"]
[BlackFideId "1444816"]
[EventDate "2024.07.22"]
[EventType "swiss"]
[EventRounds "9"]
[EventCountry "DEN"]
[SourceTitle "Live v. Obro Skakforening"]

1. e4   e5  2. Nf3   Nc6  3. d4   exd4  4. Nxd4   Nf6  5. Nxc6   bxc6  6. e5   Qe7  7. Qe2   Nd5  8. h4   Qe6  9. Nd2   a5  10. g3  10... Ba6  11. c4   Nb4  12. Bh3   f5  13. O-O   Be7  14. b3   O-O  15. Bb2   Bb7  16. a3   Na6  17. f4   c5  18. a4   Nb4  19. Rad1   Rab8  20. Kh2  20... Ba8  21. Rg1   Nc6  22. g4   Qh6  23. Qe3   Nd4  24. Bxd4   cxd4  25. Qxd4   Qxh4  26. Rg3   Bb4  27. gxf5   Rxf5  28. Rg4   Qh6  29. Ne4   Bxe4  30. Qxe4  30... Rbf8  31. Rxd7   Rxf4  32. Rxf4   Qxf4+  33. Qxf4   Rxf4  34. Rxc7   Re4  35. Be6+   Kf8  36. Rf7+   Ke8  37. Rxg7   Rxe5  38. Bd7+   Kd8  39. Rxh7   Re7  40. Bf5  40... Rxh7+  41. Bxh7   Kc7  42. Kg3   Kd6  43. Kf4   Kc5  44. Ke5   Bc3+  45. Ke6   Bb4  46. Kd7   Bc3  47. Be4   Bb4  48. Bd3   Bc3  49. Be4   Bb4  50. Bd3  50... Bc3  51. Be4  1/2-1/2

[Event "Oebro CXU International 2024"]
[Site "Copenhagen"]
[Date "2024.07.26"]
[Round "7.2"]
[White "Shivakumar, Shawnak"]
[Black "Sengupta, Deep"]
[Result "0-1"]
[WhiteElo "2323"]
[BlackElo "2491"]
[WhiteFideId "30940192"]
[BlackFideId "5008352"]
[EventDate "2024.07.22"]
[EventType "swiss"]
[EventRounds "9"]
[EventCountry "DEN"]
[SourceTitle "Live v. Obro Skakforening"]

1. d4   Nf6  2. g3   c5  3. d5   b5  4. Bg2   Bb7  5. e4   d6  6. a4   b4  7. Nd2   g6  8. b3   Bg7  9. Bb2   O-O  10. Ne2  10... Nbd7  11. a5   Ba6  12. O-O   Ne5  13. Re1   h5  14. h3   Rb8  15. f4   Ned7  16. Ra2   Qc7  17. Nc4   Ne8  18. Bxg7   Nxg7  19. Nc1   Bxc4  20. bxc4  20... e5  21. dxe6   fxe6  22. e5   dxe5  23. Nd3   Rbd8  24. Qc1   exf4  25. Nxf4   Ne5  26. Qe3   Nxc4  27. Qe4   Nd2  28. Qxg6   Qf7  29. Qg5   e5  30. Rxe5  30... Qxa2  31. Ne6   Rd7  32. Nxf8   Kxf8  33. Rxc5   Qa1+  34. Kh2   Nf1+  35. Kg1   Ne3+  36. Kh2   Nxg2  37. Qg6   Qd4  38. Rc8+   Rd8  39. Rc7   Kg8  40. Qf7+  40... Kh8  41. Kxg2   Qe4+  0-1

[Event "Oebro CXU International 2024"]
[Site "Copenhagen"]
[Date "2024.07.26"]
[Round "7.3"]
[White "Rakhmangulova, Anastasiya"]
[Black "Hector, Jonny"]
[Result "1/2-1/2"]
[WhiteElo "2295"]
[BlackElo "2410"]
[WhiteFideId "14117479"]
[BlackFideId "1700090"]
[EventDate "2024.07.22"]
[EventType "swiss"]
[EventRounds "9"]
[EventCountry "DEN"]
[SourceTitle "Live v. Obro Skakforening"]

1. e4   e5  2. Nf3   Nc6  3. Bc4   Nf6  4. d3   d5  5. exd5   Nxd5  6. O-O   Nb6  7. Bb5   Bd6  8. d4   e4  9. Qe2   f5  10. Bg5  10... Qd7  11. Ne5   Bxe5  12. dxe5   O-O  13. Nc3   Qe6  14. Bxc6   Qxc6  15. f4   Be6  16. Rf2   Rf7  17. Nd1   h6  18. Bh4   a5  19. Ne3   Na4  20. b3  20... Nc3  21. Qe1   a4  22. Rd2   b5  23. a3   Kh7  24. b4   Rg8  25. Rd8   Rxd8  26. Bxd8   Rd7  27. Bh4   Nd5  28. Nxd5   Rxd5  29. Rc1   Qc4  30. Bf2  30... Rd7  31. Be3   Qd5  32. Qc3   Kg8  33. h3   Kf7  34. Kh2   Qb7  35. Rg1   Qc8  36. Qc6   Rd5  37. g4   Qd8  38. g5   Rd2+  39. Rg2   Rxg2+  40. Kxg2  40... Qd7  41. Qxd7+   Bxd7  42. gxh6   gxh6  43. Kf2   Ke6  44. Bc5   Kd5  45. Ke3   Be6  46. Kd2   Bf7 1/2-1/2

[Event "Oebro CXU International 2024"]
[Site "Copenhagen"]
[Date "2024.07.26"]
[Round "7.4"]
[White "Aczel, Gergely"]
[Black "Bazilius, Augustinas"]
[Result "1/2-1/2"]
[WhiteElo "2498"]
[BlackElo "2096"]
[WhiteFideId "727709"]
[BlackFideId "12832251"]
[EventDate "2024.07.22"]
[EventType "swiss"]
[EventRounds "9"]
[EventCountry "DEN"]
[SourceTitle "Live v. Obro Skakforening"]

1. d4   Nf6  2. c4   g6  3. g3   Bg7  4. Bg2   O-O  5. Nc3   d6  6. Nf3   Nc6  7. O-O   e5  8. Be3   exd4  9. Bxd4   Nxd4  10. Nxd4  10... c6  11. e3   Qe7  12. h3   Rd8  13. Qe2   a5  14. b3   Nd7  15. Rfd1   Nc5  16. Qd2   f5  17. Rac1   Be6  18. Nxe6   Qxe6  19. h4   Qe5  20. Bf3  20... Bf6  21. Kg2   Kg7  22. Qc2   Qxc3  23. Qxc3   Bxc3  24. Rxc3   Kf6  25. Rc2   Ke5  26. Be2   Ra6  27. Rb2   Rb6  28. Rdb1   Ne4  29. Bd3   Nc3  30. Rc1  30... Na4  31. Rbb1   Nc5  32. Be2   Rb4  33. Bd1   d5  34. a3   Rb6  35. cxd5   Rxd5  36. Bf3   Ne4  37. Bxe4   Kxe4  38. Rc4+   Ke5  39. Rc3   Rd2  40. h5  40... g5  41. Rc5+   Rd5  42. f4+   Kf6  43. Rxd5   cxd5  44. Kf3   g4+  45. Ke2   a4  46. b4   Rc6  47. Kd3   b5  48. h6   Rc4  49. Rd1   Kf7  50. Re1  1/2-1/2

[Event "Oebro CXU International 2024"]
[Site "Copenhagen"]
[Date "2024.07.26"]
[Round "7.5"]
[White "Sriram, Jha"]
[Black "Rozentalis, Eduardas"]
[Result "0-1"]
[WhiteElo "2304"]
[BlackElo "2480"]
[WhiteFideId "5001668"]
[BlackFideId "12800023"]
[EventDate "2024.07.22"]
[EventType "swiss"]
[EventRounds "9"]
[EventCountry "DEN"]
[SourceTitle "Live v. Obro Skakforening"]

1. d4   Nf6  2. c4   e6  3. Nf3   Bb4+  4. Bd2   a5  5. g3   c5  6. Nc3   d5  7. cxd5   exd5  8. Bg2   cxd4  9. Nxd4   Nc6  10. a3  10... Be7  11. Be3   Be6  12. O-O   O-O  13. Nxe6   fxe6  14. Qb3   Rb8  15. Rfd1   Kh8  16. Bb6   Qe8  17. Rac1   Nd7  18. Bc7   Nc5  19. Qb5   Rc8  20. Bb6  20... Ne5  21. Qxe8   Rfxe8  22. Bxc5   Bxc5  23. Bh3   Rc6  24. Na4   Ba7  25. Rxc6   bxc6  26. Rc1   g5  27. Nc5   g4  28. Bf1   Rb8  29. Na4   Kg7  30. Kg2  30... Kf6  31. e3   c5  32. h3   h5  33. hxg4   hxg4  34. Be2   d4  35. exd4   cxd4  36. Rc7   Bb6  37. Rh7   d3  38. Bd1   Bd4  39. Rh4   Rc8  40. Bxg4  40... Nxg4  41. Rxg4   e5  42. Kf3   Rc1  0-1

[Event "Oebro CXU International 2024"]
[Site "Copenhagen"]
[Date "2024.07.26"]
[Round "7.6"]
[White "Colbow, Collin"]
[Black "Ramsdal, Jens Albert"]
[Result "1-0"]
[WhiteElo "2413"]
[BlackElo "2351"]
[WhiteFideId "16201132"]
[BlackFideId "1429221"]
[EventDate "2024.07.22"]
[EventType "swiss"]
[EventRounds "9"]
[EventCountry "DEN"]
[SourceTitle "Live v. Obro Skakforening"]

1. e4   e6  2. d4   d5  3. exd5   exd5  4. Bd3   Nf6  5. Nf3   c5  6. O-O   c4  7. Be2   Bd6  8. b3   cxb3  9. axb3   O-O  10. Bg5  10... Be6  11. c4   Nbd7  12. c5   Be7  13. b4   h6  14. Be3   Ne4  15. Qb3   a5  16. Nc3   Ndf6  17. Ne5   Nxc3  18. Qxc3   Ne4  19. Qb2   axb4  20. Qxb4  20... Qc7  21. Nd3   Bg5  22. Bxg5   Nxg5  23. h4   Ne4  24. Rfb1   Rxa1 25. Rxa1   Qe7  26. g3   Bc8  27. Bf1   Qf6  28. Ra2   g5  29. h5   Qf3  30. Be2  30... Qf6  31. Bf1   Qf3  32. Be2   Qf6  33. Bd1   Kg7  34. Ne5   Bh3  35. Qxb7   Nxc5  36. Qxd5   Na6  37. Qc4   Bc8  38. Be2   Nb8  39. Ra8 Bb7  40. Ra1  40... Rd8  41. Qc7   Bd5  42. Rb1   Nc6  43. Nxc6   Bxc6  44. Rb6   Rd6  45. d5   Qa1+  46. Bf1   Bd7  47. Qxd6  1-0

[Event "Oebro CXU International 2024"]
[Site "Copenhagen"]
[Date "2024.07.26"]
[Round "7.7"]
[White "Haubro, Martin"]
[Black "Ravi, Rakshitta"]
[Result "0-1"]
[WhiteElo "2400"]
[BlackElo "2308"]
[WhiteFideId "1414291"]
[BlackFideId "25073230"]
[EventDate "2024.07.22"]
[EventType "swiss"]
[EventRounds "9"]
[EventCountry "DEN"]
[SourceTitle "Live v. Obro Skakforening"]

1. e4   e5  2. Nf3   Nc6  3. Bb5   a6  4. Ba4   f5  5. exf5   e4  6. Qe2   Qe7  7. Bxc6   dxc6  8. Nd4   Qe5  9. Nb3   Bd6  10. d4  10... exd3  11. Qxe5+   Bxe5  12. O-O   Kf7  13. cxd3   Bxf5  14. d4   Bf6  15. Bf4   c5  16. Rc1   cxd4  17. Rxc7+   Ne7  18. Rxb7   Rhd8  19. N1d2   Kg8  20. Bc7  20... Re8  21. Bb6   Bc8  22. Ra7   Rxa7  23. Bxa7   Nc6  24. Bc5   d3  25. Rb1   Bf5  26. Kf1   a5  27. Be3   Rb8  28. Rc1   Nb4  29. Rc5   Bg6  30. Bd4  30... a4  31. Bxf6   gxf6  32. Nc1   Nxa2  33. b3   Nxc1  34. Rxc1   axb3  35. Rb1   b2  36. Ke1   Bf7  0-1

[Event "Oebro CXU International 2024"]
[Site "Copenhagen"]
[Date "2024.07.26"]
[Round "7.8"]
[White "Nielsen, Viktor Haarmark"]
[Black "Heimisson, Hilmir Freyr"]
[Result "0-1"]
[WhiteElo "2364"]
[BlackElo "2392"]
[WhiteFideId "1444492"]
[BlackFideId "2309998"]
[EventDate "2024.07.22"]
[EventType "swiss"]
[EventRounds "9"]
[EventCountry "DEN"]
[SourceTitle "Live v. Obro Skakforening"]

1. d4   Nf6  2. c4   c6  3. Nf3   d5  4. e3   Bf5  5. Nc3   e6  6. Nh4   Bg6  7. Nxg6   hxg6  8. Bd3   Nbd7  9. O-O   Qc7  10. h3  10... Bb4  11. Bd2   Bxc3  12. Bxc3   g5  13. cxd5   exd5  14. f4   gxf4  15. exf4   Ne4  16. Bxe4   dxe4  17. d5   Qb6+  18. Kh1   O-O-O  19. dxc6   bxc6  20. Qg4  20... Rhe8  21. Rad1   Qb5  22. Rfe1   f5  23. Qxg7   e3  24. Qf7   Re4  25. Be5   e2  26. Rc1   Kb7  27. Rc3   Qd5  28. Rb3+   Ka8  29. Qxd5   cxd5  30. Rd3  30... Nxe5  31. fxe5   d4  32. Kg1   Re8  33. Kf2   R8xe5  34. g3   f4  35. g4   Kb7  36. Rd2   f3  37. Kxf3   Re3+  38. Kf4   R5e4+  39. Kf5   Kc6  40. g5  40... Re5+  41. Kf6   Kd5  42. h4   d3  43. g6   Rf3+  44. Kg7   Kd4  45. h5   Ke3  46. Rexe2+   dxe2  47. Rxe2+   Kxe2  48. h6   Re7+  49. Kg8   Rf6  0-1